Страны с наименьшей максимальной высотой - Statistics

General Stats
  • This quiz has been taken 301 times
  • The average score is 8 of 20
Answer Stats
м Континент Страна % Correct
71 Океания Науру
64%
5 Океания Тувалу
62%
5 Азия Мальдивы
54%
242 Океания Палау
53%
75 Европа Ватикан
51%
81 Океания Кирибати
50%
161 Европа Монако
48%
253 Европа Мальта
47%
312 Европа Латвия
47%
294 Европа Литва
46%
318 Европа Эстония
46%
164 Азия Сингапур
43%
10 Океания Маршалловы Острова
40%
171 Европа Дания
40%
122 Азия Бахрейн
38%
103 Азия Катар
34%
63 Северная Америка Багамские Острова
28%
306 Азия Кувейт
27%
64 Африка Гамбия
18%
300 Африка Гвинея-Бисау
9%
No matching quizzes found
Score Distribution
Percent of People with Each Score
Percentile by Number Answered
Your Score History
You have not taken this quiz